| 000 | 00406 a2200169 4500 | ||
|---|---|---|---|
| 001 | 83062 | ||
| 020 | _a9788131718875 | ||
| 082 | _a629.831 DOR | ||
| 090 |
_c39997 _d39997 |
||
| 100 | _aRichard Dorf | ||
| 245 |
_aModern control system 11/ed _hEnglish |
||
| 250 | _a11 | ||
| 260 |
_aIndia _bPearson _c2011 |
||
| 300 | _axxv 1020P. | ||
| 500 | _aCAE Reference Books | ||
| 505 | _aCAE Reference Books | ||
| 942 |
_aNUST-CAE _k629.831 DOR |
||
| 999 |
_c318135 _d318135 |
||